00305nam a2200121Ia 45000030006000000080041000060400015000471000028000622450033000902600031001235460012001540050017001660STCL150530s9999 xx 000 0 und d aSTCLcSTCL aRitchie JamesK.; Others aThomsons outlines of zoology bOxford University pressc0 aEnglish20220125170424.0